000 00834nam a2200301Ia 4500
001 17423
003 IT-RoPAU
008 130308s9999 xx 000 0 und d
040 _aIT-RoPAU
040 _cIT-RoPAU
041 _aITALIANO
100 _aLasconi Tonino
100 _gCodice Aut. SPICS: 4842
245 _aCartellone (Il)
245 _bVedo Ascolto e Penso-I ragazzi e la Comunicazione Audiovisiva
250 _a1a ed.
260 _aROMA
260 _bAve
260 _c1977 [1° Ed.:1977 - Ed.Ling.Originale:1977]
300 _a"12 p. (prefazione: no ; testo: 12 [pagine: 110-121])"
500 _aFamiglia dei cartelloni Scaletta dell'Immagine
650 _aEDUCAZIONE ALLA COMUNICAZIONE SOCIALE
650 _eCodice materia Spics: 3812
942 _cBK
957 _71
999 _c45734
_d45734
999 _bSI
999 _g1